Má vermikompost budoucnost?

Bibliographic Details
Main Authors: Duží, Lea (Author), Kukelka, Václav (Author)
Format: Article
Language:Czech
Subjects:

MARC

LEADER 00000nab a2200000 a 4500
001 vtls000544001
003 SK-MaSNL
005 20260303121734.0
008 120929c1995 xo 0 cze
015 |a SNBRB19rr/mm-uuuuu 
035 |a CL0544139 
040 |a SNKBUCL  |b slo  |c SNKBUCL  |e AACR2 
041 0 |a cze 
044 |a xo  |c SK 
080 |a 631.879.4  |2 1981 
100 1 |a Duží, Lea  |4 aut  |9 1113713 
245 1 0 |a Má vermikompost budoucnost?  |c Lea Duží, Václav Kukelka 
300 |b Tab. 2 
650 0 7 |a vermikompost  |2 snkbucl  |9 22318 
655 7 |a články z novín a časopisov  |2 snkbucl  |9 267496 
700 1 |a Kukelka, Václav  |4 aut  |9 12066 
773 0 |t Zahradnictví  |g Roč. 20, č. 2 (1995), s. 22-23 
850 |a Slovenská národná knižnica v Martine  |a MTA001 
852 |a SNK  |b KIS3GCP 
958 |a RK 
992 |a RBX 
999 |c 1917455  |d 1919385